| 000 | 00872nas a2200277 4500 | ||
|---|---|---|---|
| 001 | BR0105119 | ||
| 003 | BR-BrBNA | ||
| 005 | 20231205102527.0 | ||
| 007 | ta | ||
| 008 | 230509b bl.|||p| |||| 00| 00por d | ||
| 040 |
_aBR-BrBNA _bpor _cBiblioteca Nacional de Agricultura |
||
| 041 | _a(Pt) | ||
| 072 | _aF30; H10 | ||
| 100 | 1 | _aSilva, J.A. da | |
| 100 | 1 | _aSediyama, T. | |
| 100 | 1 | _aCecon, P.R. | |
| 245 | 1 | _aAvaliacao da resistencia de 22 variedades e linhagens americanas e nacionais de soja a Heterodera glycines, raca 3 | |
| 650 | _aSoja | ||
| 650 | _aHeterodera Glycines | ||
| 650 | _aVariedade Resistente | ||
| 650 | _aLinhagem | ||
| 650 | _aMelhoramento Genetico Vegetal | ||
| 773 | 0 |
_tNematologia Brasileira (Brazil) _xISSN 0102-2997 _g(Dec 1999), v. 23(2) p. 15-18 _wBR0105119 |
|
| 909 |
_a202311 _bLúcia _c55 _dLúcia Elande |
||
| 942 |
_2AGRIS _n0 _cANA |
||
| 999 |
_c168024 _d168024 |
||